Progress in nano-electro-optics (Record no. 15164)

MARC details
000 -LEADER
fixed length control field 00704nam a2200217Ia 4500
003 - CONTROL NUMBER IDENTIFIER
control field IN-BaIIA
008 - FIXED-LENGTH DATA ELEMENTS--GENERAL INFORMATION
fixed length control field 211028s9999 xx 000 0 eng d
020 ## - INTERNATIONAL STANDARD BOOK NUMBER
International Standard Book Number 3-540-43504-2
040 ## - CATALOGING SOURCE
Transcribing agency IIA Library
080 ## - UNIVERSAL DECIMAL CLASSIFICATION NUMBER
Universal Decimal Classification number 535
Item number OHT
245 #0 - TITLE STATEMENT
Title Progress in nano-electro-optics
Remainder of title I, basics and theory of near-field optics
Statement of responsibility, etc. edited by M. Ohtsu
260 ## - PUBLICATION, DISTRIBUTION, ETC.
Place of publication, distribution, etc. Berlin
Name of publisher, distributor, etc. Springer
Date of publication, distribution, etc. 2003
300 ## - PHYSICAL DESCRIPTION
Extent xiv,161p.
490 ## - SERIES STATEMENT
Series statement Springer series in optical sciences
650 ## - SUBJECT ADDED ENTRY--TOPICAL TERM
Topical term or geographic name entry element Electro optics
650 ## - SUBJECT ADDED ENTRY--TOPICAL TERM
Topical term or geographic name entry element Fluoroscence spectroscopy
9 (RLIN) 27794
650 ## - SUBJECT ADDED ENTRY--TOPICAL TERM
Topical term or geographic name entry element Nano technology
9 (RLIN) 27795
650 ## - SUBJECT ADDED ENTRY--TOPICAL TERM
Topical term or geographic name entry element Near-field microscopy
9 (RLIN) 27796
700 ## - ADDED ENTRY--PERSONAL NAME
Personal name Ohtsu, M.,ed.
9 (RLIN) 27797
942 ## - ADDED ENTRY ELEMENTS (KOHA)
Koha item type Books
Holdings
Withdrawn status Lost status Damaged status Not for loan Home library Current library Shelving location Date acquired Source of acquisition Cost, normal purchase price Total Checkouts Full call number Barcode Date last seen Cost, replacement price Price effective from Koha item type Purchase Price
        IIA Library-Bangalore IIA Library-Hosakote General Stacks 09/07/2003 SSB 3363.20   535/ OHT 16086 05/11/2021 3363.20 09/07/2003 Books Rs. 3363.20

Powered by Koha